Escrits en prosa / Joan Maragall
Descripción Física:
308 p. ; 20 cm
Materias:
Prosa catalana
MARC
| LEADER | 00000nam a2200000Ia 4500 | ||
|---|---|---|---|
| 001 | 16126 | ||
| 008 | 160829s1912 xx 000 0 cat d | ||
| 080 | |a L-2-45 | ||
| 100 | |a Maragall, Joan, |d 1860-1911 |9 25778 | ||
| 245 | |a Escrits en prosa / Joan Maragall | ||
| 260 | |a Barcelona : |b Gustau Gili, |c 1912 | ||
| 300 | |a 308 p. ; |c 20 cm | ||
| 490 | |a Obres completes de Joan Maragall. Sèrie catalana | ||
| 590 | |a Índex | ||
| 650 | |a Prosa catalana |9 37251 | ||
| 866 | |a I: Notes autogràfiques; Escrits diversos; Pròlegs | ||
| 901 | |a Arxiu | ||
| 942 | |n 1 | ||
| 952 | |0 0 |1 0 |4 0 |6 L245 |7 1 |9 47769 |a Arxiu |b Arxiu |d 2016-12-01 |l 0 |o L-2-45 |p 16126 |r 2016-12-01 00:00:00 |w 2016-12-01 |y ARXIU | ||
| 999 | |c 51568 |d 51568 | ||